000
00262nam a22001097a 4500
005
20251008112952.0
008
251008b |||||||| |||| 00| 0 eng d
040
_c
PK-LaNCA
082
_a
720.5
_b
LUC
245
_a
LUCIO Costa:Brasilia's superquadra
942
_c
BK
999
_c
66849
_d
66849